Jujutsu Kaisen Characters - Statistics

General Stats
  • This quiz has been taken 346 times
  • The average score is 45 of 85
Answer Stats
Hint Answer % Correct
1st Year at Tokyo Jujutsu HighUser of the 10 Shadows Technique Head of Zenin Clan and Vessel for Main Antagonist Megumi Fushigoro
100%
Main Character of The Series Vessel For the Primary Antagonist 1st Year at Tokyo Jujutsu High Yuji Itadori
100%
2nd Year at Tokyo Jujutsu HighHas a Heavenly Restriction Slaughterer of the Zenin Clan Maki Zenin
98%
1st Year at Tokyo Jujutsu HighUser of the Straw doll Technique Initially Thought Killed By a Disaster Curse Nobara Kugisaki
98%
Teacher at Tokyo Jujutsu High Special Grade User of Limitless The Strongest Sorcerer of Today Satoru Gojo
96%
2nd Year at Tokyo Jujutsu HighSpecial Grade Sorcerer with Copy Technique Talks To Underage Curses Yuta Okkotsu
96%
2nd Year at Tokyo Jujutsu HighUser of the Cursed Speech Technique Loses an Arm During Shibuya and is Forgotten by Gege Toge Inumaki
95%
2nd Year at Tokyo Jujutsu High Sentient Cursed Corpse Loses 2 Cores During the Culling Games Panda
94%
2nd Year at Kyoto Jujutsu High User of the Construction Technique Sacrifices Herself for Her Sister Mai Zenin
91%
Best 'Friend' of the Strongest Sorcerer Special Grade User of Cursed Spirit Manipulation Technique Curse User Responsible for Night Parade of a Thousand Demons Suguru Geto
91%
3rd Year at Kyoto Jujutsu HighUser of Boogie Woogie Technique Self Proclaimed Brother of the Protagonist Aoi Todo
90%
The King of Curses and Main Antagonist The Strongest Sorcerer in History Inhabits the Body of the Protagonist Ryomen Sukuna
90%
Disaster Curse of Volcanoes User of Disaster Flames Technique Outfired by the King of Curses Jogo
86%
3rd Year at Tokyo Jujutsu HighUser of Private Pure Love Train Technique Resident Gambler Kinji Hakari
86%
Disaster Curse of HumansUser of Idle Transfiguration Cursed Technique Killed by The Brain's Uzumaki Mahito
86%
Has a Heavenly Restriction Known as the One who Left it All Behind or Sorcerer Killer Killed by an Awakened Version of the Strongest Toji Fushigoro
85%
Ancient Sorcerer Curse User or Possible Cursed Spirit User of Brain Transplant Technique Inhabits the Body of the Former most Notably Among Others Kenjaku
84%
Manager at Tokyo Jujutsu High Attacked by a Curse User in Shibuya Has a Brother in Kyoto Jujutsu High Nitta Akari
84%
Grade 1 Jujutsu Sorcerer User of Ratio Technique Passes His Weapon on to His Apprentice Kento Nanami
83%
Disaster Curse of Plants User of Disaster Plants Technique Squished by the Strongest Hanami
79%
Cursed Womb Death Painting User of Blood Manipulation Protective Older Brother of the Protagonist Choso
76%
Doctor at Tokyo Jujutsu High Proficient In the Reversed Curse Technique It Goes Fwoo then Hyoi Shoko Ieri
76%
Grade 1 Jujutsu Sorcerer User of Blackbird Manipulation Technique Loves Money Mei Mei
74%
Member of the Zenin Clan User of Projection Sorcery Son of the Former Who Becomes a Cursed Spirit Naoya Zenin
74%
Principle of Tokyo Jujutsu High Puppet Manipulation User Creates Cursed Corpses Masamichi Yaga
73%
Culling Games Player User of Mythical Beast Amber Technique God of Lightining Hajime Kashimo
72%
2nd Year at Kyoto Jujutsu High User of New Shadow Style Techniques Arguably the GOAT of Jujutsu Kaisen Kasumi Miwa
71%
Disaster Curse of Oceans / Tsunamis User of Disaster Tides Technique Killed by the One Who Left it All Behind Dagon
70%
3rd Year at Kyoto Jujutsu HighUser of Blood Manipulation Technique Named After the Worst Sorcerer in History Noritoshi Kamo
69%
3rd Year at Tokyo Jujutsu High User of Love Rendezvous Technique Lover of the Former Kirara Hoshi
67%
Special Grade Jujutsu Sorcerer User of Star Rage Technique Unaffiliated with Jujutsu High Yuki Tsukumo
67%
Teacher at Kyoto Jujutsu High User of Solo Forbidden Area Gojo's Number 1 Hater Utahime Iori
65%
Culling Games PlayerUser of Judgeman Technique One of the Most Promising New Sorcerers Hiromi Higuruma
64%
Potential 1st Year of Tokyo Jujutsu High User of Moon Dregs Technique Touched by the Former Junpei Yoshino
64%
Former Head of the Zenin ClanUser of Projection Sorcery Dies During Shibuya After a Battle with Disaster Curses Naobito Zenin
63%
Reincarnated Sorcerer from the Heian Era User of Ice Manipulation Cursed Technique Personal Fridge of the King of Curses Uraume
62%
Culling Games PlayerUser of Comedian Technique Clueless to His Own Technique Despite How Strong It Is Fumihiko Takaba
61%
3rd Year at Kyoto Jujutsu High User of Tool Manipulation Technique Based off of a Witch Momo Nishimiya
61%
Sorcerer Responsible for Jujutsu High's BarriersUser of Immortality Technique Evolves into More of a Cursed Spirit Tengen
60%
Brother of the Former User of Spacial Transference Technique Helps the Sorcerers with Body Swap Training Ui Ui
60%
Father of the Protagonist Nephew of the King of Curses Originally Thought to be the Brother Jin Itadori
57%
Teacher at Tokyo Jujutsu High The Strongest Grade 1 Sorcerer User of New Shadow Style Techniques Atsuya Kusakabe
52%
Cursed SpiritControlled by the Copy Technique User Allowed to Pass on and Leaves a Shikigami Copy Behind Rika Orimoto
52%
Curse User During Night Parade of a Thousand DemonsUser of Hakuna Laana Technique Fights Against the King of Curses Miguel Oduol
50%
Grade 2 Jujutsu Sorcerer User of Auspicious Beasts Summon Technique Apprentice and Biggest Fan of the Former Takuma Ino
50%
Culling Games Player User of Sky Manipulation Technique Former Captain of the Sun Moon and Stars Squad Takako Uro
48%
Principle of Kyoto Jujutsu High User of Sound Amp Technique Droopy Ears Yoshinobu Gakuganji
48%
2nd Year at Kyoto Jujutsu High User of Puppet Manipulation with a Heavenly Restriction Killed by Mahito Before the Shibuya Incident Kokichi Muta
47%
Culling Games PlayerUser of Contractual Reconstruction Technique Loses to Potential Man Reggie Star
47%
Culling Games Player User of Construction Technique Reincarnated Sorcerer Obsessed With the King Of Curses Yorozu
43%
Culling Games Player User of Granite Blast Technique The Pompadour Wielding Goat Ryo Ishigori
42%
Mother of the Protagonist User of Anti Gravity Manipulation Technique Piloted by the Major Antagonist Kaori Itadori
40%
Manager at Tokyo Jujutsu High Has a Crush on the Former Attacked by a Curse User in Shibuya Kiyotaka Ijichi
39%
Grandfather of the ProtagonistBrother of the King of Curses First Character to Die Wasuke Itadori
38%
Member of the Zenin Clan User of Blazing Courage Technique Uncle of the Former Who is Killed by His Child Ogi Zenin
35%
Mother of the Former Killed by Random Cursed Spirit MILF Nagi Yoshino
34%
Cursed Womb Death Painting User of Rot Technique Uses Wing King Ability Eso
33%
Curse User User of Miracle Technique Runs out of Miracles and is Killed by the King of Curses Haruta Shigemo
33%
Adopted Daughter of Cursed Spirit Manipulation UserUser of Doll Manipulation Technique Killed by the King of Curses Mimiko Hasaba
33%
Adopted Daughter of Cursed Spirit Manipulation User User of Selfie Manipulation Technique Killed by the King of Curses Nanako Hasaba
33%
Grade 2 Jujutsu Sorcerer Went to School With the Strongest and Ratio Sorcerer Died on an Unspecified Mission Yu Haibara
32%
Member of the Zenin Clan User of Missile Fists Technique Killed During the Zenin Clan Massacre Jinichi Zenin
31%
Culling Games Player User of G Warstaff Technique Aspiring Mangaka Charles Bernard
30%
1st Year at Kyoto Jujutsu High User of the Painkiller Technique Brother of the Former Nitta Arata
30%
Member of the Zenin ClanUser of Paralysing Gaze Technique Killed During Zenin Clan Massacre Ranta Zenin
29%
Cursed Womb Death Painting User of Rot Technique Killed by the Strawdoll Technique User Kechizu
27%
Culling Games PlayerUser of Explosive Flesh Technique Part of the Former's Posse Hazenoki Iori
25%
Cursed SpiritEncountered in the Prison Arc and Bridge Arc Empowered by Consuming the King of Curse's Finger Finger Bearer
23%
Culling Games PlayerHas Shikigami Which Orbit Him Slimed by The Underage Curse Hunter Dhruv Lakdawalla
22%
Cursed SpiritEncountered in Shibuya Station by the Protagonist Based off of a Locust Ko-Guy
20%
Curse User During Night Parade of a Thousand Demons User of Heart Catch Technique Fights Against the King of Curses Larue
20%
Curse User User of Seance Technique Accidentally Revives the One Who Left it All Behind Granny Ogami
19%
Culling Games PlayerUser of Earthen Insect Transe Given the Kiss of Death by the Underage Curse Hunter Kurourushi
18%
Culling Games PlayerUser of Hair Manipulation Part of the Former's Posse Remi
18%
Culling Games Player User of Sugar Manipulation Technique Assists Helping Injured During Shinjuku Showdown Rin Amai
18%
Cursed Spirit Encounter in Shibuya Tunnels Has a Domain Which Can Kill in 3 Seconds Smallpox Deity
17%
Culling Games PlayerCan turn Hair into a Helicopter Lover of the Former Haba
14%
Curse UserMaster of Crafting Cursed Tools Is Mutilated and Interrogated by the Strongest Juzo Kumiya
14%
Culling Games PlayerCan Turn Hair into a Jetpack Lover of the Latter Hanyu
13%
Member of the Zenin ClanUser of Earth Manipulation Technique Killed During Zenin Clan Massacre Chojuro Zenin
12%
Culling Games PlayerUser of Claw Manifestation Part of the Former's Posse Chizuru Hari
10%
Cursed Spirit Has the Ability to Remove Obstacles Large Cursed Spirit with Elephant's Head Ganesha
9%
Culling Games Player Swordsman Who Cannot See Cursed Spirits Fights Against a Reborn Zenin Member Hagane Daido
9%
Culling Games Player Sumo Wrestler With a Simple Domain Helps a Zenin Reach Her Second Awakening Rokojushi Miyo
9%
Curse User User of Inverse Technique Defeated by the Protagonist and Ten Shadows User Jiro Asakawa
8%
No matching quizzes found
Score Distribution
Percent of People with Each Score
Percentile by Number Answered
Your Score History
You have not taken this quiz